000
00320nam a2200121Ia 4500
008
220204s9999 xx 000 0 und d
082
_a
34:332.021.8
_b
MAT;2
100
_a
MATHEW, O M
245
0
_a
Law of land reforms in Kerala
260
_a
Ernakulam
_b
Kerala Law Times
_c
1970
650
_a
Land reforms law
942
_c
BK
999
_c
21949
_d
21949